000
00212 a2200097 4500
001
36629
100
_a
McCormack M.H
245
_a
Success secrets
260
_a
Britain
_b
Fontana/Couins
_c
090
_c
23679
_d
23679
942
_a
NUST-CAE
_c
M
_c
15201
999
_c
271702
_d
271702